000 00503nam a2200193Ia 4500
008 090124s9999 xx 000 0 und d
020 _a81-7766-756-4
082 _b46988
100 _aभैरप्पा एस. एल.
245 _a मंद्र
250 _a1
260 _c2007
300 _a572
600 _aभैरप्पा एस. एल.
630 _a मंद्र
700 _aभैरप्पा एस. एल.
730 _a मंद्र
942 _cBOOK
999 _c113216
_d113216